Guess the Harry Styles song with no hints #1 - Statistics

General Stats
  • This quiz has been taken 138 times
    129 since last reset
  • The average score is 252 of 354
Answer Stats
Answer % Correct
I
100%
you
96%
You
96%
me
93%
the
90%
it?
87%
your
87%
Your
87%
to
86%
of
83%
do
82%
do,
82%
do)
82%
in
82%
Just
82%
just
82%
love
82%
on
79%
for
76%
let
76%
and
75%
you're
75%
don't
73%
have
73%
my
73%
so
73%
adore
72%
Walk
72%
walk
72%
say
70%
fire
68%
Ooh,
68%
ooh
68%
I'd
66%
it's
66%
It's
66%
(It's
66%
mind
66%
mind)
66%
mine
66%
Oh,
66%
oh,
66%
get
63%
Honey
63%
honey
63%
I'll
63%
only
63%
through
63%
Would
63%
believe
62%
ever
62%
Like
62%
nothing
61%
paradise
61%
(Paradise)
61%
thing
61%
rainbow
59%
eyes
58%
(Ah-ah-ah)
56%
(Ah-ah-ah),
56%
inside
55%
lipstick
55%
lost
55%
state
55%
(State
55%
Strawberry
55%
tell
52%
been
51%
you've
51%
wanna
49%
over
46%
Lately,
42%
somethin'
42%
lemon
41%
summer
39%
(Summer
39%
skies
38%
skies)
38%
under
38%
ice
37%
wonder
35%
Brown
34%
skin
34%
No matching quizzes found
Score Distribution
Percent of People with Each Score
Percentile by Number Answered
Your Score History
You have not taken this quiz since the last reset